00410nam a2200109Ia 450000500170000000800410001710000400005824501480009826000200024630000110026665000230027720260328101503.0260328s9999||||xx |||||||||||||| ||und|| aThe Aga Khan Award for Architecture 0aArchitecture and Polyphony :b Building in the Islamic World Today - The Aga Khan Award for Architecture /cThe Aga Khan Award for Architecture bThames & Hudson a176 p. aARQUITECTURA CIVIL